[Event "HCL-A094"]
[Site "www.playchess.de"]
[Date "2001.03.06"]
[Round "6"]
[White "anne_t"]
[Black "Gorodish"]
[WhiteElo "1700"]
[BlackElo "1733"]
[PlyCount "52"]
[Result "1/2-1/2"]

1.e4 {Hello, i am Anne, 18 year from the 
netherlands, have a nice match}  e6 {Ciao Anne, I 
am 35, from Germany, thank you for your nice 
greetings :-)}  2.d4 {YOUR WELCOME :-))}  d5 
3.exd5 exd5 4.Nc3 Nf6 5.Be2 Be7 6.Nf3 O-O 7.O-O 
Bf5 8.a3 h6 9.Ne5 Nbd7 10.Nxd7 Qxd7 11.Bf3 c6 
12.Ne2 Rfe8 13.Ng3 Bg6 14.Be3 Bd6 15.Bh5 Bxg3 
16.Bxg6 Bxh2+ 17.Kxh2 fxg6 18.f3 {your making it 
tough my friend :))}  Rxe3 {Thank you, what was 
this move ... ;-) Where do you come from 
netherlands?}  19.Qd2 {Yes, i am from Holland, 18 
year old female. And you? Deutschland tough?}  
Rae8 {Amsterdam? Den Haag? Groningen? Rotterdam? 
Roermond? Enschede? blond and sweet? ;-)}  20.Rae1 
{No from Delft, darkred and sweet ofcourse :))}  
R3xe1 {Oh, Anne, darkred ... I am flowing like ice 
in the sun :-)... are you goin to scool?}  21.Rxe1 
{Yes i am going to school, i am 18 and being in 
the exam class, i see i'm losing:(( pity}  Rxe1 
{sorry, I am teacher :-)), please do not give up, 
it´s nice to mail you :-)}  22.Qxe1 {i still dont 
know where i lost a piece. has no sence to go on. 
ok a few more}  Qd6+ 23.Kg1 {?? maximum i can try} 
 c5 {hmm ... first I have to take a look at my 
other games ... but perhaps?}  24.dxc5 Qxc5+ 
25.Qf2 {have yr game. g'day to u}  Qxf2+ {o.k., 
all the best, a good exam! and sometimes one more 
play :-))}  26.Kxf2 {hm its not nice}  Kf7 {excuse 
me, I mean it seriously ...}  1/2-1/2

[Event "HCL-B217"]
[Site "www.playchess.de"]
[Date "2001.03.06"]
[Round "2"]
[White "Vampyr"]
[Black "Ciociosan"]
[WhiteElo "1500"]
[BlackElo "1640"]
[PlyCount "30"]
[Result "0-1"]

1.e4 c5 2.Nf3 d6 3.d4 cxd4 4.Nxd4 Nf6 5.Nc3 a6 
6.Bg5 e6 7.Qd2 Be7 8.O-O-O Qc7 9.f4 Nbd7 10.Be2 b5 
11.g4 b4 12.Na4 Nxe4 {Draw? Let's party first!}  
13.Qe3 Nxg5 14.fxg5 Qa5 15.b3 Bxg5 0-1

[Event "HCL-B217"]
[Site "www.playchess.de"]
[Date "2001.03.06"]
[Round "6"]
[White "Vampyr"]
[Black "janus"]
[WhiteElo "1500"]
[BlackElo "1760"]
[PlyCount "34"]
[Result "0-1"]

1.e4 Nc6 2.Nf3 e5 3.Bb5 a6 4.Ba4 Nf6 5.O-O b5 
6.Bb3 Bb7 7.d4 Nxd4 8.Bxf7+ Kxf7 9.Nxe5+ Ke6 
10.Qxd4 c5 11.Qc3 Nxe4 12.Qh3+ Kxe5 13.f4+ Kf6 
14.g4 Kf7 15.a4 Qf6 16.g5 Qc6 17.Ra3 
bxa4 0-1

[Event "HCL-B217"]
[Site "www.playchess.de"]
[Date "2001.03.06"]
[Round "8"]
[White "Yogibear"]
[Black "Stephen21"]
[WhiteElo "1863"]
[BlackElo "1182"]
[PlyCount "29"]
[Result "1-0"]

1.d3 {hello-have a nice game!}  e5 2.Nc3 Nc6 3.e4 
g6 4.Nf3 Nge7 5.Bg5 h6 6.Bf6 Rg8 7.Nxe5 Nxe5 
8.Bxe5 d6 9.Bf6 Bg7 10.Nd5 Qd7 11.Nxe7 Rh8 12.Bxg7 
Rh7 13.Ng8 Qe6 14.Nf6+ Ke7 15.Nxh7 1-0

[Event "HCL-B221"]
[Site "www.playchess.de"]
[Date "2001.03.06"]
[Round "10"]
[White "lonewolf"]
[Black "ragadous"]
[WhiteElo "1200"]
[BlackElo "1400"]
[PlyCount "58"]
[Result "0-1"]

1.e4 {good luck}  e5 {good luck wolfie}  2.Nf3 Nc6 
3.Bb5 a6 4.Bc4 {thanks you too}  h6 5.c3 Nf6 6.d4 
d6 7.d5 Na7 8.Nbd2 Be7 9.h3 O-O 10.Qc2 c5 11.a3 b5 
12.Ba2 Ne8 13.Kf1 f5 14.Nxe5 dxe5 15.Nf3 Bd6 
16.Be3 f4 17.Bxc5 Bxc5 18.d6+ Kh8 19.Bd5 Rb8 20.d7 
Qxd7 21.Nxe5 Qd6 22.Nf7+ Rxf7 23.Bxf7 Nf6 24.b4 
Bb6 25.Rd1 Qe5 26.c4 Be6 27.Bxe6 Qxe6 28.c5 Bc7 
29.Kg1 Nc6 0-1

[Event "HCL-B212"]
[Site "www.playchess.de"]
[Date "2001.03.06"]
[Round "25"]
[White "dg"]
[Black "coca"]
[WhiteElo "1129"]
[BlackElo "1500"]
[PlyCount "81"]
[Result "1-0"]

1.e4 e6 2.Nf3 d5 3.e5 Ne7 4.d4 g6 5.g3 Bg7 6.Bg2 
Nd7 7.Bg5 f6 8.exf6 Bxf6 9.Bxf6 Nxf6 10.O-O Nc6 
11.c3 h6 12.Nbd2 Qe7 13.Qc2 Rg8 14.Rae1 Bd7 15.a3 
O-O-O 16.b4 a6 17.a4 Na7 18.Ne5 Qe8 19.Rea1 Nc6 
20.Rfb1 Nxe5 21.dxe5 Ng4 22.c4 c6 23.cxd5 exd5 
24.Rbe1 Rf8 25.f3 Nxe5 26.f4 Bf5 27.Qc3 d4 28.Qb3 
Be6 29.Qa3 Ng4 30.Rac1 Qd7 31.b5 d3 32.bxc6 Qd4+ 
33.Kh1 Bd5 34.cxb7+ Kb8 35.Rc8+ Rdxc8 36.bxc8Q+ 
{%}  Rxc8 37.Qd6+ Ka7 38.Re7+ Ka8 39.Bxd5+ Qxd5+ 
40.Qxd5+ Kb8 41.Qb7+ 1-0

[Event "HCL-B104"]
[Site "www.playchess.de"]
[Date "2001.03.06"]
[Round "18"]
[White "fadda"]
[Black "paule"]
[WhiteElo "1500"]
[BlackElo "1806"]
[PlyCount "64"]
[Result "0-1"]

1.e4 e6 2.d4 d5 3.e5 c5 4.Nf3 Nc6 5.Bb5 Qb6 6.Nc3 
Bd7 7.Be3 a6 8.Bxc6 Bxc6 9.dxc5 Qxb2 10.Bd4 Bxc5 
11.Na4 Bb4+ 12.c3 Bxa4 13.Qxa4+ b5 14.cxb4 Qxa1+ 
15.Bxa1 bxa4 16.a3 Rc8 17.O-O Ne7 18.h3 Rc2 19.Nd4 
Ra2 20.b5 axb5 21.Nxb5 O-O 22.Rd1 Rb8 23.Nd6 Rb3 
24.Bd4 Rc2 25.g4 Ng6 26.Re1 Rxa3 27.Rb1 Rb3 
28.Rxb3 axb3 29.Nb5 b2 30.Na3 Nh4 31.Kh2 Nf3+ 
32.Kg2 Nxd4 0-1

[Event "HCL-B104"]
[Site "www.playchess.de"]
[Date "2001.03.06"]
[Round "20"]
[White "fadda"]
[Black "bradley311"]
[WhiteElo "1500"]
[BlackElo "1300"]
[PlyCount "29"]
[Result "1-0"]

1.e4 e5 2.Nf3 Nf6 3.Nc3 Nc6 4.Bc4 a6 5.Ng5 d5 
6.exd5 Na5 7.Qe2 Nxc4 8.Qxc4 Bd6 9.Nce4 b5 10.Qc6+ 
Bd7 11.Nxd6+ Kf8 12.Qc5 Ng8 13.Ndxf7+ Ne7 14.Nxd8 
Rxd8 15.Qxc7 1-0

[Event "HCL-E007"]
[Site "www.playchess.de"]
[Date "2001.03.06"]
[Round "5"]
[White "seedythayer"]
[Black "marko1"]
[WhiteElo "2000"]
[BlackElo "2000"]
[PlyCount "25"]
[Result "1-0"]

1.e4 c5 2.Nf3 d6 3.d4 cxd4 4.Nxd4 Nf6 5.Nc3 a6 
6.Be3 e6 7.f3 Qc7 8.g4 Be7 9.Qd2 O-O 10.O-O-O Nfd7 
11.h4 b5 12.g5 Bb7 13.h5 1-0

[Event "HCL-E007"]
[Site "www.playchess.de"]
[Date "2001.03.06"]
[Round "9"]
[White "ARMAGEDON_8"]
[Black "Gearloose"]
[WhiteElo "2227"]
[BlackElo "2035"]
[PlyCount "46"]
[Result "1/2-1/2"]

1.e4 e6 2.d4 d5 3.Nc3 Bb4 4.e5 c5 5.a3 Bxc3+ 
6.bxc3 Qc7 7.Qg4 Ne7 8.Qxg7 Rg8 9.Qxh7 cxd4 10.Ne2 
dxc3 11.f4 Bd7 12.Nd4 a6 13.Be3 Nbc6 14.Qd3 Nxd4 
15.Bxd4 Nf5 16.g3 Ba4 17.Rc1 Rc8 18.Qd1 Qe7 19.Bf2 
Qxa3 20.Bd3 Bb5 21.Ra1 Qb4 22.Rb1 Qa5 23.Bxf5 
exf5 1/2-1/2

[Event "HCL-E007"]
[Site "www.playchess.de"]
[Date "2001.03.06"]
[Round "10"]
[White "seedythayer"]
[Black "ARMAGEDON_8"]
[WhiteElo "2000"]
[BlackElo "2227"]
[PlyCount "58"]
[Result "0-1"]

1.e4 Nf6 2.e5 Nd5 3.c4 Nb6 4.d4 d6 5.exd6 cxd6 
6.Nc3 g6 7.Be3 Bg7 8.Rc1 O-O 9.b3 e5 10.dxe5 dxe5 
11.Qxd8 Rxd8 12.c5 N6d7 13.Bc4 Nc6 14.Nf3 Na5 
15.Be2 Nc6 16.Nb5 Nf6 17.Nd6 Ne8 18.Nxc8 Raxc8 
19.a3 Nf6 20.b4 Nd5 21.Bg5 f6 22.Bd2 e4 23.Ng1 f5 
24.Rb1 Nd4 25.Bc4 Nc2+ 26.Ke2 Nxa3 27.Bxd5+ Rxd5 
28.Rb3 Nb5 29.Be3 Nc3+ 0-1

[Event "HCL-E007"]
[Site "www.playchess.de"]
[Date "2001.03.06"]
[Round "24"]
[White "Gearloose"]
[Black "Bronislaw"]
[WhiteElo "2035"]
[BlackElo "2378"]
[PlyCount "28"]
[Result "0-1"]

1.e4 c5 2.Nc3 Nc6 3.g3 g6 4.Bg2 Bg7 5.d3 b6 6.Be3 
e5 7.Nd5 Nge7 8.Bg5 O-O 9.Nf6+ Kh8 10.f4 h6 11.Bh4 
exf4 12.gxf4 Ng8 13.e5 Nxf6 14.Nh3 
Qe8 0-1

[Event "HCL-E007"]
[Site "www.playchess.de"]
[Date "2001.03.06"]
[Round "32"]
[White "seedythayer"]
[Black "top"]
[WhiteElo "2000"]
[BlackElo "2000"]
[PlyCount "29"]
[Result "1-0"]

1.e4 c5 2.Nf3 d6 3.d4 cxd4 4.Nxd4 Nf6 5.Nc3 Nc6 
6.f3 e6 7.Be3 a6 8.g4 Nd7 9.Qd2 Nde5 10.Be2 b5 
11.f4 Nxd4 12.Qxd4 Nc6 13.Qd2 Bb7 14.Bf3 Rc8 
15.O-O-O 1-0

[Event "HCL-E007"]
[Site "www.playchess.de"]
[Date "2001.03.06"]
[Round "33"]
[White "top"]
[Black "ARMAGEDON_8"]
[WhiteElo "2000"]
[BlackElo "2227"]
[PlyCount "28"]
[Result "0-1"]

1.c4 Nf6 2.Nc3 e5 3.Nf3 Nc6 4.g3 Bc5 5.Bg2 d6 
6.O-O O-O 7.e3 Bb4 8.Nd5 e4 9.Ne1 Be6 10.Qb3 a5 
11.d3 a4 12.Nxf6+ Qxf6 13.Qc2 Bxe1 14.Rxe1 
Nb4 0-1

[Event "HCL-E003"]
[Site "www.playchess.de"]
[Date "2001.03.06"]
[Round "1"]
[White "ffp"]
[Black "Utesch"]
[WhiteElo "2000"]
[BlackElo "2100"]
[PlyCount "40"]
[Result "0-1"]

1.d4 Nf6 2.c4 c5 3.d5 e6 4.Nc3 exd5 5.cxd5 d6 
6.Nf3 g6 7.h3 Bg7 8.e4 O-O 9.Bd3 b5 10.Nxb5 Re8 
11.O-O Nxe4 12.Re1 a6 13.Na3 Nf6 14.Rxe8+ Nxe8 
15.Nc4 Nd7 16.Bg5 Ndf6 17.Qd2 Bb7 18.Ne3 h6 19.Bh4 
g5 20.Bg3 Nxd5 0-1

[Event "HCL-E003"]
[Site "www.playchess.de"]
[Date "2001.03.06"]
[Round "3"]
[White "Utesch"]
[Black "FD515"]
[WhiteElo "2100"]
[BlackElo "2000"]
[PlyCount "47"]
[Result "1-0"]

1.d4 d5 2.c4 e6 3.Nc3 Nf6 4.Nf3 c5 5.cxd5 Nxd5 
6.e3 Nc6 7.Bd3 cxd4 8.exd4 Bb4 9.O-O Nxc3 10.bxc3 
Bxc3 11.Rb1 Bxd4 12.Qc2 Bf6 13.Be4 Ne7 14.Rd1 Nd5 
15.Bxd5 exd5 16.Ba3 Qd7 17.Rde1+ Kd8 18.Ne5 Bxe5 
19.Rxe5 Re8 20.Rxe8+ Qxe8 21.Qc3 b6 22.Rc1 Qd7 
23.Re1 Qb5 24.Bd6 1-0

[Event "HCL-E003"]
[Site "www.playchess.de"]
[Date "2001.03.06"]
[Round "5"]
[White "Kleofas"]
[Black "Utesch"]
[WhiteElo "1849"]
[BlackElo "2100"]
[PlyCount "60"]
[Result "0-1"]

1.e4 c5 2.Nf3 e6 3.d4 cxd4 4.Nxd4 Qb6 5.Nb3 Qc7 
6.Nc3 a6 7.Be3 b5 8.g3 Bb7 9.Bg2 Nf6 10.O-O Be7 
11.Re1 d6 12.e5 dxe5 13.Bxb7 Qxb7 14.Na5 Qc8 
15.Qf3 Nbd7 16.Nc6 b4 17.Nxe7 Kxe7 18.Ne4 Qc6 
19.Nd2 Rhc8 20.Rac1 Qd5 21.Qe2 Kf8 22.Nb3 a5 
23.Red1 Qb7 24.Qd3 Kg8 25.Bg5 a4 26.Nd2 a3 27.Nc4 
e4 28.Qf1 axb2 29.Rcb1 Qb5 30.Nxb2 
Qxg5 0-1

[Event "HCL-E003"]
[Site "www.playchess.de"]
[Date "2001.03.06"]
[Round "6"]
[White "FD515"]
[Black "Kleofas"]
[WhiteElo "2000"]
[BlackElo "1849"]
[PlyCount "44"]
[Result "0-1"]

1.e4 c5 2.Nf3 d6 3.d4 cxd4 4.Nxd4 Nf6 5.Nc3 a6 
6.Bg5 e6 7.f4 Be7 8.Qf3 Qc7 9.O-O-O Nbd7 10.g4 b5 
11.Bxf6 Nxf6 12.g5 Nd7 13.f5 Bxg5+ 14.Kb1 Ne5 
15.Qh5 h6 16.Nxe6 Bxe6 17.Bxb5+ axb5 18.fxe6 Qa5 
19.Rxd6 O-O 20.Rd5 Nc4 21.Rxb5 Nd2+ 22.Kc1 
Nxe4+ 0-1

[Event "HCL-E003"]
[Site "www.playchess.de"]
[Date "2001.03.06"]
[Round "8"]
[White "Utesch"]
[Black "ARMAGEDON_8"]
[WhiteElo "2100"]
[BlackElo "2000"]
[PlyCount "89"]
[Result "1-0"]

1.d4 Nf6 2.c4 g6 3.Nc3 Bg7 4.e4 d6 5.Nf3 O-O 6.h3 
e5 7.d5 Na6 8.Nd2 Kh8 9.Be2 Ng8 10.h4 f5 11.h5 
gxh5 12.Bxh5 Nc5 13.Qc2 a5 14.exf5 Bxf5 15.Bg6 
Bxg6 16.Qxg6 Nf6 17.Nde4 Ncxe4 18.Nxe4 Qe8 19.Qxe8 
Raxe8 20.Ng5 c6 21.b3 cxd5 22.Ba3 Rec8 23.Bxd6 
Rfe8 24.cxd5 Rc2 25.Rd1 Rxa2 26.Bc7 Bf8 27.d6 h6 
28.Rh3 Kg8 29.Rf3 Bg7 30.Ne4 Nd7 31.Rc1 b6 32.Nc3 
e4 33.Rg3 Ra3 34.Nd5 a4 35.Nxb6 axb3 36.Rd1 Kf7 
37.Nxd7 e3 38.Rf3+ Kg6 39.fxe3 b2 40.Kd2 Rb3 
41.Rb1 Ra8 42.e4 Rxf3 43.gxf3 Ra1 44.Kc2 h5 
45.Nb6 1-0

[Event "HCL-E003"]
[Site "www.playchess.de"]
[Date "2001.03.06"]
[Round "9"]
[White "ARMAGEDON_8"]
[Black "FD515"]
[WhiteElo "2000"]
[BlackElo "2000"]
[PlyCount "43"]
[Result "1-0"]

1.e4 e5 2.Nf3 Nc6 3.Bc4 Bc5 4.b4 Bxb4 5.c3 Ba5 
6.d4 exd4 7.Qb3 Qf6 8.O-O dxc3 9.e5 Qf5 10.Nxc3 
Nge7 11.Ba3 O-O 12.Rad1 Bxc3 13.Qxc3 Re8 14.Rfe1 
a6 15.Bd3 Qg4 16.h3 Qa4 17.Ng5 Ng6 18.Bc4 Nd8 
19.Bb2 Ne6 20.Bxe6 dxe6 21.Rd4 b6 
22.Rxa4 1-0

[Event "HCL-E003"]
[Site "www.playchess.de"]
[Date "2001.03.06"]
[Round "12"]
[White "Dmitriy"]
[Black "Utesch"]
[WhiteElo "2100"]
[BlackElo "2100"]
[PlyCount "50"]
[Result "0-1"]

1.e4 c5 2.Nf3 e6 3.d4 cxd4 4.Nxd4 Qb6 5.Nc3 a6 
6.Nb3 Qc7 7.Be2 b5 8.a3 Bb7 9.Qd3 Nf6 10.Bg5 Nc6 
11.Bxf6 gxf6 12.O-O Rg8 13.Rad1 Ne5 14.Qh3 O-O-O 
15.Rd4 f5 16.f4 Nc4 17.Rfd1 fxe4 18.Qxh7 Rg7 
19.Qh3 e3 20.Ne4 f5 21.Ng5 e5 22.Ne6 Bxg2 23.Qh8 
Be4+ 24.Kf1 Qc6 25.Rxc4 bxc4 0-1

[Event "HCL-E003"]
[Site "www.playchess.de"]
[Date "2001.03.06"]
[Round "13"]
[White "FD515"]
[Black "Dmitriy"]
[WhiteElo "2000"]
[BlackElo "2100"]
[PlyCount "69"]
[Result "1-0"]

1.e4 c5 2.Nf3 Nc6 3.Nc3 e6 4.Bb5 Nd4 5.O-O a6 
6.Bd3 Ne7 7.b3 g6 8.Nxd4 cxd4 9.Ne2 Bg7 10.Bb2 d5 
11.c3 dxc3 12.dxc3 O-O 13.Qc1 f5 14.exd5 Nxd5 
15.Rd1 Qf6 16.Rb1 Ne7 17.c4 e5 18.c5 Be6 19.Nf4 
Bf7 20.Be2 Rad8 21.Nd3 Nc6 22.Nxe5 Nxe5 23.f4 Qe7 
24.fxe5 Bxe5 25.Re1 Bxb2 26.Rxb2 Rfe8 27.Rf1 Bd5 
28.Rd1 Qe6 29.Qg5 Kg7 30.Rbd2 Qc6 31.b4 b5 32.a4 
Rd7 33.Bf3 Re5 34.R2d3 Kg8 35.Qg3 1-0

[Event "HCL-E003"]
[Site "www.playchess.de"]
[Date "2001.03.06"]
[Round "14"]
[White "Dmitriy"]
[Black "Kleofas"]
[WhiteElo "2100"]
[BlackElo "1849"]
[PlyCount "33"]
[Result "1-0"]

1.e4 c5 2.Nf3 d6 3.d4 cxd4 4.Nxd4 Nf6 5.Nc3 a6 
6.Bg5 e6 7.f4 Nbd7 8.Qf3 Be7 9.O-O-O Qc7 10.g4 b5 
11.Bxf6 Nxf6 12.g5 Nd7 13.f5 Bxg5+ 14.Kb1 e5 
15.Nd5 Qb7 16.Ne6 fxe6 17.Qh5+ 1-0

[Event "HCL-E003"]
[Site "www.playchess.de"]
[Date "2001.03.06"]
[Round "17"]
[White "Utesch"]
[Black "ajedrez"]
[WhiteElo "2100"]
[BlackElo "2348"]
[PlyCount "62"]
[Result "1/2-1/2"]

1.d4 Nf6 2.c4 g6 3.Nc3 d5 4.cxd5 Nxd5 5.e4 Nxc3 
6.bxc3 Bg7 7.Qa4+ Nd7 8.Qa3 c5 9.Nf3 O-O 10.Rb1 b6 
11.Bd3 Bb7 12.O-O Qc7 13.Re1 Rfd8 14.Bc4 h6 15.Ba6 
e6 16.Bd2 Nf6 17.Bf4 Qxf4 18.Bxb7 Rab8 19.Qxa7 Rd7 
20.Rxb6 Qc7 21.Ne5 Rxb7 22.Qa8+ Kh7 23.Rc6 Qd8 
24.Rc8 Qb6 25.Nxd7 Nxd7 26.dxc5 Qb1 27.Rf1 Rb2 
28.c6 Nb6 29.c7 Qc2 30.Rd8 Nxa8 31.c8Q 
Nb6 1/2-1/2

[Event "HCL-E003"]
[Site "www.playchess.de"]
[Date "2001.03.06"]
[Round "18"]
[White "ajedrez"]
[Black "FD515"]
[WhiteElo "2348"]
[BlackElo "2000"]
[PlyCount "91"]
[Result "1/2-1/2"]

1.e4 c5 2.Nf3 d6 3.d4 cxd4 4.Nxd4 Nf6 5.Nc3 g6 
6.f4 Nc6 7.Nf3 Bg7 8.Bd3 O-O 9.O-O Ng4 10.Qe1 Bxc3 
11.bxc3 Qa5 12.h3 Qb6+ 13.Kh1 Nf6 14.c4 Nd7 15.Qh4 
f6 16.Bd2 Qc7 17.Rae1 b6 18.Bc3 e5 19.fxe5 dxe5 
20.Nh2 Qd6 21.Ng4 Nb4 22.Rf3 Nxa2 23.Ba1 Nb4 
24.Ref1 Nxd3 25.cxd3 Bb7 26.R3xf6 Nxf6 27.Rxf6 
Rxf6 28.Nxf6+ Kg7 29.Ng4 Re8 30.Qg5 h5 31.Bxe5+ 
Rxe5 32.Nxe5 Qf6 33.Qg3 h4 34.Qh2 Qf1+ 35.Qg1 
Qxg1+ 36.Kxg1 a5 37.Kf2 a4 38.Nf3 a3 39.Nd4 a2 
40.Nb3 Kf6 41.Ke3 Bc6 42.d4 b5 43.cxb5 Bxb5 44.Na1 
g5 45.Kf3 Bf1 46.Kf2 1/2-1/2

[Event "HCL-E003"]
[Site "www.playchess.de"]
[Date "2001.03.06"]
[Round "19"]
[White "Kleofas"]
[Black "ajedrez"]
[WhiteElo "1849"]
[BlackElo "2348"]
[PlyCount "68"]
[Result "0-1"]

1.e4 c5 2.Nf3 Nc6 3.d4 cxd4 4.Nxd4 Nf6 5.Nc3 e5 
6.Ndb5 d6 7.Bg5 a6 8.Na3 b5 9.Nd5 Be7 10.Bxf6 Bxf6 
11.c3 O-O 12.Nc2 Bg5 13.Be2 Rb8 14.O-O a5 15.Qd3 
Ne7 16.Nce3 Be6 17.Nxe7+ Qxe7 18.Nd5 Qb7 19.Rad1 
f5 20.exf5 Bxf5 21.Qg3 Bh6 22.Bd3 Be6 23.Be4 Qf7 
24.Rd3 Kh8 25.Rfd1 Bg5 26.Rf3 Qh5 27.Rxf8+ Rxf8 
28.Bf3 Qh6 29.Bg4 Bxd5 30.Rxd5 Bh4 31.Qd3 Bxf2+ 
32.Kh1 Bg3 33.h3 Qc1+ 34.Bd1 Qd2 0-1

[Event "HCL-E003"]
[Site "www.playchess.de"]
[Date "2001.03.06"]
[Round "20"]
[White "ajedrez"]
[Black "ARMAGEDON_8"]
[WhiteElo "2348"]
[BlackElo "2000"]
[PlyCount "65"]
[Result "1/2-1/2"]

1.e4 c5 2.Nf3 d6 3.d4 cxd4 4.Nxd4 Nf6 5.Nc3 g6 
6.f3 Bg7 7.Be3 O-O 8.Qd2 Nc6 9.O-O-O d5 10.Qe1 e5 
11.Nxc6 bxc6 12.exd5 Nxd5 13.Bc4 Be6 14.Ne4 Qc7 
15.Bc5 Rfd8 16.h4 Nf4 17.Bxe6 Rxd1+ 18.Qxd1 Nxe6 
19.Be3 Rd8 20.Qf1 Nf4 21.g4 Nd5 22.Bd2 Qb6 23.h5 
f5 24.gxf5 gxf5 25.h6 fxe4 26.Qg2 Rd7 27.Qh3 e3 
28.Qxd7 exd2+ 29.Kb1 d1Q+ 30.Rxd1 Bxh6 31.Qe6+ Kg7 
32.Qxe5+ Kf7 33.Qh5+ 1/2-1/2

[Event "HCL-E003"]
[Site "www.playchess.de"]
[Date "2001.03.06"]
[Round "21"]
[White "Dmitriy"]
[Black "ajedrez"]
[WhiteElo "2100"]
[BlackElo "2348"]
[PlyCount "46"]
[Result "0-1"]

1.d4 Nf6 2.c4 g6 3.Nc3 d5 4.Nf3 Bg7 5.e3 O-O 6.Qb3 
e6 7.Bd2 Nc6 8.cxd5 exd5 9.Bd3 Ne7 10.O-O c6 
11.Rac1 Nf5 12.Bxf5 gxf5 13.Ne2 Ne4 14.Bb4 Re8 
15.Qc2 a5 16.Ba3 Qf6 17.Nf4 Qh6 18.b3 Be6 19.Nd3 
Kh8 20.Rfe1 Bf6 21.Nc5 Reg8 22.Nxb7 f4 23.g3 
fxg3 0-1

[Event "HCL-E003"]
[Site "www.playchess.de"]
[Date "2001.03.06"]
[Round "30"]
[White "Utesch"]
[Black "Bronislaw"]
[WhiteElo "2100"]
[BlackElo "2255"]
[PlyCount "61"]
[Result "1-0"]

1.d4 g6 2.e4 Bg7 3.c4 Nc6 4.d5 Nd4 5.Ne2 c5 6.Nxd4 
Bxd4 7.Bd3 Nf6 8.Nd2 e5 9.Nb3 d6 10.O-O Bg4 11.Qe1 
Bd7 12.Nxd4 cxd4 13.f4 Nh5 14.fxe5 dxe5 15.Be2 Ng7 
16.Qb4 Qb6 17.Qxb6 axb6 18.Bg5 O-O 19.Rf6 b5 
20.cxb5 Bc8 21.Bc4 Bd7 22.Rd6 Bg4 23.h3 Bc8 24.Rb6 
Ra4 25.b3 Ra7 26.a4 Nh5 27.g4 Nf4 28.Bxf4 exf4 
29.Rd1 d3 30.Rxd3 g5 31.d6 1-0

[Event "HCL-E003"]
[Site "www.playchess.de"]
[Date "2001.03.06"]
[Round "34"]
[White "Dmitriy"]
[Black "Bronislaw"]
[WhiteElo "2100"]
[BlackElo "2255"]
[PlyCount "28"]
[Result "0-1"]

1.d4 g6 2.e4 Bg7 3.c3 d6 4.Nf3 Nf6 5.Qc2 O-O 6.Be2 
Nc6 7.O-O e5 8.d5 Ne7 9.Bg5 Bd7 10.c4 Kh8 11.Bxf6 
Bxf6 12.Nc3 Bg7 13.b4 Nc8 14.c5 
a6 0-1

[Event "HCL-E003"]
[Site "www.playchess.de"]
[Date "2001.03.06"]
[Round "35"]
[White "Bronislaw"]
[Black "ajedrez"]
[WhiteElo "2255"]
[BlackElo "2348"]
[PlyCount "40"]
[Result "1/2-1/2"]

1.d4 Nf6 2.c4 g6 3.Nc3 d5 4.cxd5 Nxd5 5.e4 Nxc3 
6.bxc3 Bg7 7.Bb5+ c6 8.Ba4 O-O 9.Ne2 c5 10.O-O Nc6 
11.dxc5 Qa5 12.Be3 Rd8 13.Qc2 Ne5 14.Bd4 Bd7 
15.Bb3 Bc6 16.Nf4 Rd7 17.Nd5 Ng4 18.Bxg7 Kxg7 
19.Qe2 Nf6 20.Qe3 Bxd5 1/2-1/2

[Event "HCL-C054"]
[Site "www.playchess.de"]
[Date "2001.03.06"]
[Round "1"]
[White "Pelikan"]
[Black "mapofindia"]
[WhiteElo "1185"]
[BlackElo "1000"]
[PlyCount "43"]
[Result "1-0"]

1.e4 e5 2.Nf3 Nc6 3.Bb5 Qf6 4.O-O Bc5 5.Bxc6 dxc6 
6.Nxe5 Be6 7.Qe2 O-O-O 8.d3 Qe7 9.Re1 Nf6 10.Nxf7 
Bg4 11.Qxe7 Bxe7 12.Nxh8 Rxh8 13.Rxe7 Nd5 14.Re1 
Rf8 15.Bd2 h6 16.a3 g5 17.Nc3 Nb6 18.h4 gxh4 
19.Bxh6 Rg8 20.Ne4 h3 21.Nf6 Rg6 
22.Re8+ 1-0

[Event "HCL-C054"]
[Site "www.playchess.de"]
[Date "2001.03.06"]
[Round "2"]
[White "Jackdaw"]
[Black "Pelikan"]
[WhiteElo "642"]
[BlackElo "1185"]
[PlyCount "56"]
[Result "0-1"]

1.e4 c5 2.Nf3 d6 3.d4 cxd4 4.Nxd4 Nf6 5.Nc3 a6 
6.Bf4 e5 7.Nde2 exf4 8.Nxf4 Be7 9.Bd3 Nc6 10.O-O 
O-O 11.Qe2 Bg4 12.Qe3 Ne5 13.f3 Bd7 14.b3 Rc8 
15.Bc4 d5 16.exd5 Bc5 17.Qxc5 Rxc5 18.Nd3 Nxd3 
19.cxd3 b5 20.d4 Rc8 21.Rab1 bxc4 22.Rfe1 cxb3 
23.Rxb3 Qa5 24.Re3 Nxd5 25.Re5 Rxc3 26.Rxc3 Qxc3 
27.Re4 Nf4 28.Rxf4 Qe1+ 0-1

[Event "HCL-C054"]
[Site "www.playchess.de"]
[Date "2001.03.06"]
[Round "3"]
[White "mapofindia"]
[Black "Jackdaw"]
[WhiteElo "1000"]
[BlackElo "642"]
[PlyCount "41"]
[Result "1-0"]

1.e4 e5 2.d3 Nc6 3.Nf3 Nf6 4.Bg5 Be7 5.Be2 d6 
6.O-O h6 7.Bxf6 Bxf6 8.Nc3 Be6 9.Qd2 d5 10.Rfe1 
dxe4 11.Nxe4 Qd7 12.Nc5 Qd5 13.b4 O-O-O 14.c4 Qd6 
15.Qc3 e4 16.Nxe4 Qxb4 17.Qxb4 Nxb4 18.Nc5 Bxa1 
19.Rxa1 Bg4 20.a3 Nc2 21.Rf1 1-0

[Event "HCL-C054"]
[Site "www.playchess.de"]
[Date "2001.03.06"]
[Round "4"]
[White "Pelikan"]
[Black "Mother_Teresa"]
[WhiteElo "1185"]
[BlackElo "1161"]
[PlyCount "59"]
[Result "1-0"]

1.e4 e5 2.Nf3 Nc6 3.Bc4 Bc5 4.c3 Nf6 5.d4 exd4 
6.cxd4 Bb4+ 7.Bd2 Bxd2+ 8.Nbxd2 O-O 9.e5 Re8 
10.O-O Ng4 11.Qb3 Rf8 12.Bd3 d6 13.a3 dxe5 14.h3 
Nh6 15.dxe5 b6 16.Qc2 g6 17.Ne4 Bb7 18.Nf6+ Kg7 
19.Be4 Na5 20.b4 Bxe4 21.Qxe4 Ng8 22.Nxg8 Rxg8 
23.bxa5 c5 24.Rad1 Qe7 25.Rd6 Rad8 26.Rfd1 Rxd6 
27.Rxd6 Rd8 28.Qd5 Rxd6 29.exd6 Qd7 
30.Ne5 1-0

[Event "HCL-C054"]
[Site "www.playchess.de"]
[Date "2001.03.06"]
[Round "5"]
[White "Mother_Teresa"]
[Black "mapofindia"]
[WhiteElo "1161"]
[BlackElo "1000"]
[PlyCount "61"]
[Result "1-0"]

1.e4 e5 2.Nf3 Nc6 3.Bb5 Nf6 4.d3 Bb4+ 5.c3 Ba5 
6.Bxc6 dxc6 7.Nxe5 Bg4 8.Nxg4 Nxg4 9.O-O Bb6 
10.Qxg4 g6 11.d4 Qd6 12.Bf4 Qe7 13.e5 f5 14.Qg5 
Qxg5 15.Bxg5 c5 16.d5 c4 17.Nd2 h6 18.Bf6 Rg8 
19.Nxc4 f4 20.Nxb6 cxb6 21.Rfe1 g5 22.c4 Kf7 23.g3 
fxg3 24.fxg3 h5 25.Ref1 h4 26.Bxg5+ Kg6 27.Bxh4 
Rac8 28.b3 a6 29.Rf6+ Kg7 30.Raf1 Rcf8 
31.R6xf8 1-0

[Event "HCL-C054"]
[Site "www.playchess.de"]
[Date "2001.03.06"]
[Round "6"]
[White "Jackdaw"]
[Black "Mother_Teresa"]
[WhiteElo "642"]
[BlackElo "1161"]
[PlyCount "58"]
[Result "0-1"]

1.e4 e5 2.Nf3 Nc6 3.Bc4 Bc5 4.d3 Nf6 5.Bg5 O-O 
6.Nc3 h6 7.Bxf6 Qxf6 8.Nd5 Qd8 9.O-O Re8 10.Qd2 a6 
11.a4 d6 12.c3 Ne7 13.d4 exd4 14.cxd4 Ba7 15.Rae1 
Bg4 16.Qd3 Nxd5 17.Bxd5 c6 18.Ba2 Qf6 19.Bb1 g6 
20.e5 dxe5 21.dxe5 Qg7 22.Ba2 Rad8 23.Qe4 Bf5 
24.Qf4 Bd3 25.e6 fxe6 26.Bxe6+ Kh7 27.Bb3 Bxf1 
28.Kxf1 Rxe1+ 29.Nxe1 Rf8 0-1

[Event "HCL-C054"]
[Site "www.playchess.de"]
[Date "2001.03.06"]
[Round "7"]
[White "camos"]
[Black "Pelikan"]
[WhiteElo "965"]
[BlackElo "1185"]
[PlyCount "64"]
[Result "0-1"]

1.e4 c5 2.Bc4 Nc6 3.Nf3 d6 4.d3 Nf6 5.Ng5 e6 6.g3 
h6 7.Nf3 a6 8.h4 b5 9.Bb3 a5 10.a4 b4 11.Be3 Be7 
12.Nbd2 Ng4 13.Qe2 Nxe3 14.Qxe3 O-O 15.g4 d5 16.g5 
h5 17.c3 d4 18.cxd4 cxd4 19.Qe2 Ba6 20.Rc1 Rc8 
21.Nf1 Ne5 22.Nxe5 Rxc1+ 23.Bd1 Qc7 24.Nf3 Qf4 
25.Qd2 Qxf3 26.Qxc1 Qxh1 27.Qc7 Bxd3 28.Be2 Bxe2 
29.Kxe2 Qxe4+ 30.Kd1 d3 31.Qxe7 Qe2+ 32.Kc1 
Qc2+ 0-1

[Event "HCL-C054"]
[Site "www.playchess.de"]
[Date "2001.03.06"]
[Round "9"]
[White "camos"]
[Black "Jackdaw"]
[WhiteElo "965"]
[BlackElo "642"]
[PlyCount "41"]
[Result "1-0"]

1.e4 c5 2.Nc3 e5 3.Bc4 d6 4.Nf3 Nc6 5.d3 Nf6 6.Bg5 
Be7 7.h4 O-O 8.Ne2 Bg4 9.Ng3 Nd4 10.Nf5 Nxf3+ 
11.gxf3 Bh5 12.Rg1 g6 13.Bh6 Re8 14.Ng7 Rf8 
15.Nxh5 Nxh5 16.Bxf8 Bxf8 17.f4 Nxf4 18.Qf3 Qxh4 
19.O-O-O Rd8 20.Rgh1 Qf6 21.Rdg1 1-0